01130nam a2200193Ia 4500001001100000003001000011008004100021040002500062041001300087100002000100245005000120250001100170260009200181300001200273500026000285501011400545520026000659650001700919L720-29341IT-CnALBA170116s9999||||xx |||||||||||||| ||und|| aIT-CnALBAcIT-CnALBA aITALIANO aMARUCCHI ORAZIO 0aSEPOLCRI DEI MARTIRI NELLE CATACOMBE ROMANE.  a1a ed. a ROMA PARIS TOURNAIbDESCLEE & C. EDIT. c1911 [1° Ed.:1911 - Ed.Ling.Originale: 1911] a114 p.  aCENNI STORICI SULLE CATACOMBE ROMANE. NOMENCLATURA CIMITERIALE. USI FUNEBRI NEGLI ANTICHI CIMITERI CRISTIANI. TOMBE DEI MARTIRI. FERIALE FILOCALIANO. CATALOGO DEI CIMITERI. ANTICHI ITINERARI DEI PELLEGRINI. PAPIRO DI MONZA. ITINERARIO DI EINSIEDELN. LIBER aSocietà San Paolo EM - Piazza San Paolo, 14 - 12051 ALBA (CN) (non commercial uses only) ® Copyright 2017 aCENNI STORICI SULLE CATACOMBE ROMANE. NOMENCLATURA CIMITERIALE. USI FUNEBRI NEGLI ANTICHI CIMITERI CRISTIANI. TOMBE DEI MARTIRI. FERIALE FILOCALIANO. CATALOGO DEI CIMITERI. ANTICHI ITINERARI DEI PELLEGRINI. PAPIRO DI MONZA. ITINERARIO DI EINSIEDELN. LIBER aARCHITETTURA